000
00291nas a22001217a 4500
999
_c
523491
_d
523491
022
_a
2413-8657 Print, 2313-0113 Online
082
_a
658
110
_a
geist science
_9
13952
245
_a
Journal of management sciences
_c
geist science
260
_a
Karachi
300
_b
22 cm
942
_c
CR